Central Library OPAC University of Rajshahi
Normal view MARC view

Entry Personal Name

Number of records used in: 4

001 - CONTROL NUMBER

  • control field: 6292

003 - CONTROL NUMBER IDENTIFIER

  • control field: BD-RjUL

005 - DATE AND TIME OF LATEST TRANSACTION

  • control field: 20221212133728.0

008 - FIXED-LENGTH DATA ELEMENTS

  • fixed length control field: 221212|| aca||aabn | a|a d

040 ## - CATALOGING SOURCE

  • Original cataloging agency: BD-RjUL
  • Transcribing agency: BD-RjUL

100 ## - HEADING--PERSONAL NAME

  • Personal name: Ibn Miskawaih, Abû ʿAlî Aḥmad b. Muḥammad

670 ## - SOURCE DATA FOUND

  • Source citation: Work cat.: (BD-RjUL)80958: Ibn Miskawaih, Abû ʿAlî Aḥmad b. Muḥammad., The Tajârib al-Uman or History of Ibn Miskawayh, reprod. in facs., with a preface and summary /, 1909-1913